02523cam a2200529 i 4500001001200000003000600012005001700018008004100035020004800076035002200124035002300146040007000169045001700239046002100256245028800277260012000565300002400685336002700709337005400736338002800790380001600818380002300834388001400857388001400871388001400885388001000899490011200909504004701021648001901068648001901087650001901106650001901125650004101144650005701185650004701242650001701289650009601306650011501402651004001517655001901557655003501576658001301611700004901624710013301673710010601806830008101912xx004908734NUKAT20260430101719.0200716s2020 pl g |001 0 pol c a9788380988736q(oprawa twarda) :czł 45,00 a(OCoLC)1183357314 a(NUKAT)xx004908734 aKAT U/MBbpolerdacKAT U/MBsdKAT U/DBdWA 14/ABsdOLSZT 008/bak2 bd1939bd1945 k2020o1949p199600aRelacje o pomocy udzielanej Żydom przez Polaków w latach 1939-1945.nT. 2,pDystrykt krakowski Generalnego Gubernatorstwa /cwybór i opracowanie Sebastian Piątkowski ; Instytut Pamięci Narodowej. Komisja Ścigania Zbrodni przeciwko Narodowi Polskiemu. Oddział w Lublinie. aLublin ;aWarszawa :bInstytut Pamięci Narodowej. Komisja Ścigania Zbrodni przeciwko Narodowi Polskiemu,c2020. a550 stron ;c25 cm. aTekstbtxt2rdacontent aBez urządzenia pośredniczącegobn2rdamedia aWoluminbnc2rdacarrier aKsiążki aPublikacje naukowe1 a1901-20001 a1945-19891 a1989-20001 a2001-1 aCentralny Projekt Badawczy IPN Dzieje Żydów w Polsce oraz Relacje Polsko-Żydowskie w Latach 1914-1989 aBibliografia na stronach 511-515. Indeksy. 7a1901-20002DBN 7a1939-19452DBN 7aDokumenty2DBN 7aHolokaust2DBN 7aII wojna światowa (1939-1945)2DBN 7aRatowanie Żydów i pomoc Żydom (1939-1945)2DBN 7aUkrywanie się Żydów (1939-1945)2DBN 7aŻydzi2DBN 7aWojna światowa (1939-1945)xŻydzixratowaniezPolskavrelacje osobiste Polaków.2kaba 7aWojna światowa (1939-1945)xŻydzixratowaniezPolskazKraków (region)vrelacje osobiste Polaków.2kaba 7aDystrykt krakowski (1939-1945)2DBN 7aDokumenty2DBN 7aWydawnictwo źródłowe2DBN aHistoria1 aPiątkowski, Sebastiand(1970- ).eRedakcja2 aInstytut Pamięci Narodowej - Komisja Ścigania Zbrodni przeciwko Narodowi Polskiemu.bOddział (Lublin).eInstytucja sprawcza2 aInstytut Pamięci Narodowej - Komisja Ścigania Zbrodni przeciwko Narodowi Polskiemu.eWydawca4pbl 0aDzieje Żydów w Polsce oraz Relacje Polsko-Żydowskie w Latach 1914-1989